| 000 | 00613nam a2200241Ia 4500 | ||
|---|---|---|---|
| 003 | OSt | ||
| 005 | 20220918191103.0 | ||
| 006 | a|||||r|||| 00| 0 | ||
| 007 | ta | ||
| 008 | 220917b |||||||| |||| 00| 0 eng d | ||
| 024 | _a61,390 | ||
| 037 | _cTextual | ||
| 040 |
_aARTS _cARTS _beng |
||
| 041 |
_2eng _aeng |
||
| 082 | _aQ6.Q->, L5 | ||
| 100 |
_aWard Hiley H _974872 |
||
| 245 | 0 | _aReligion 2101 A D | |
| 260 |
_aNew York _bDoubleday and Company USA _c1975 |
||
| 300 |
_axiii,247p. _ccm. |
||
| 650 | _aRELIGION | ||
| 942 |
_hQ6.Q->, L5 _cTEXL _2CC |
||
| 999 |
_c188242 _d188242 |
||